| 000 | 01209nam a22003257a 4500 | ||
|---|---|---|---|
| 999 |
_c20607 _d20607 |
||
| 005 | 20191125073150.0 | ||
| 008 | 191125b xxu||||| |||| 00| 0 spa d | ||
| 020 | _a9789587741070 | ||
| 040 |
_aCO-BoIAVH _cCO-BoIAVH |
||
| 041 | _aspa | ||
| 044 | _ack | ||
| 082 |
_a338.3727 _bV71p |
||
| 100 | _aVillamil Medrano, Enrique | ||
| 245 | 1 | 3 |
_aEl pescador de Barú: _bUna aproximación a la recuperación del conocimiento local asociado a la pesca. |
| 260 |
_aBogotá: _bUniversidad de los Andes, _bFacultad de Economía, _c2015. |
||
| 300 |
_a225 Páginas: _bfotografías, ilustraciones y mapas, _c28 x 24 cm. |
||
| 650 | 0 |
_aPesca _zBarú |
|
| 650 | 0 | _aComunidades de pescadores | |
| 650 | 0 | _aAspectos sociales | |
| 650 | 0 | _aAspectos económicos | |
| 650 | 0 |
_aPesca artesanal _zColombia |
|
| 700 | _aBolaño Medrano, José | ||
| 700 | _aGómez Rodriguez, Wilner | ||
| 700 | _aValencia Gómez, Nicolás | ||
| 700 | _aGeles Villamil, Miguel Ángel | ||
| 700 | _aMoreno-Sánchez, Rocío del Pilar | ||
| 700 | _aMendoza-Mojica, Sandra Lucia | ||
| 700 | _aMaldonado, Jorge Higinio | ||
| 942 |
_2ddc _cLIBRO |
||